000 00537nam a2200193Ia 4500
003 GCL
008 140319s9999 xx 000 0 ara d
040 _aGCL /
_cGCL
082 0 4 _a332.1
_bم ا
100 1 _aعبدالغفار حنفى
245 1 0 _aادارة البنوك /
_cعبدالغفار حنفى
700 1 _aمحمد سعيد سلطان
260 _a[S.N] :
_bمؤسسة شباب الجامعة ،
_c1989
300 _a481 ص
490 _a
650 0 4 _aالادارة
650 0 4 _aالبنوك
942 _2ddc
_cBK
999 _c52571
_d52571